| 000 | 00967nam a22002414a 4500 | ||
|---|---|---|---|
| 005 | 20100811103246.0 | ||
| 010 | _aENG-99498 | ||
| 020 |
_c160.00 _a9788190848060 |
||
| 035 | _aEN-83030 | ||
| 037 | _bDBAD/PUB | ||
| 082 | _a954.02 | ||
| 100 |
_aT. Selvamuthukumaran _910752 |
||
| 245 |
_aAspects of thiruvarur in medieval history / _cby T. Selvamuthukumaran |
||
| 250 | _a2nd ed. | ||
| 260 |
_aMayiladuthurai _bPuthagacholai Publishers _c2009 |
||
| 270 |
_a48, Mahathana Street, _e609001 _bMayiladuthurai |
||
| 300 |
_a127 p. _c22 cm (Pbk) |
||
| 500 | _aIncludes bibliographical references | ||
| 650 |
_aMedieval history _910753 |
||
| 700 | _910698 | ||
| 942 |
_2ddc _cEN _mTSE _h954.02 |
||
| 999 |
_c40919 _d40919 |
||